000 00533nam a22001697a 4500
999 _c531484
_d531484
003 NUST
005 20191017153030.0
008 191017b ||||| |||| 00| 0 eng d
038 _aNusrat Nadeem
082 _a620.001HAM
100 _aSial Hamza Ahmad
_924261
245 _aMS/Thesis:Throughput Analysis in Heterogeneous Networks Using Soft Frequency Reuse
_cHamza Ahmad Sial
260 _aIslamabad
_bRCMS NUST
_c2018
600 _xSystems Engineering
_910634
700 _4Dr. Mian Ilyas Ahmad (Supervisor)
942 _2ddc
_cTHE